000 00682nam a2200229Ia 4500
003 OSt
005 20220923221713.0
006 a|||||r|||| 00| 0
007 ta
008 220922b |||||||| |||| 00| 0 hin d
024 _a199,498
037 _cTextual
040 _aARTS
_cARTS
_bhin
041 _2hin
_ahin
082 _aQ111:22:9, 152K6
100 _aपाठक, नाथूलाल
245 0 _aऐतरेय ब्राझमण का एक अध्ययन
246 _aAitareya brāzamaṇ kā ek adhyayana
260 _c1989
942 _hQ111:22:9, 152K6
_cTEXL
_2CC
999 _c351238
_d351238